Guess the Movie by Final Scene - Statistics

General Stats
  • This quiz has been taken 20 times
  • The average score is 2 of 15
Answer Stats
Description Movie Name % Correct
A man sits on a bench waiting for a bus, holding something important in his lap. Forrest Gump
89%
A character looks up at a starry sky, realizing they’re not alone. E.T
26%
A characters parents, siblings, and others start to act different when he was gone. Back to the Future
11%
A character watches a portal close, knowing the world is safe again. Doctor Strange
11%
A character that runs away carrying a coat, while several people chase him to get the coat back. Happy Gilmore
11%
A character sails away from an island as the camera pulls back to reveal the world. Moana
11%
A character dances alone in a school gym as the lights dim. Napoleon Dynamite
11%
A character watches a TV screen flicker back to life. Poltergeist
11%
Two characters attempt suicide realizing that only one can live. The Hunger Games
11%
A character walks into a bright white hallway, stepping into a new world. The Matrix
11%
A character steps onto a train platform, ready to return home. Harry Potter and the Sorcerer's Stone
5%
A character waves goodbye from a taxi window after a chaotic day. Home Alone 2
5%
A character watches police cars arrive as the camera pans up to the sky. It
5%
A character walks out of a house into daylight, shaken but alive. The Conjuring
5%
A character walks out of a courthouse into a crowd of reporters, unsure what comes next. The Fugitive
5%
No matching quizzes found
Score Distribution
Percent of People with Each Score
Percentile by Number Answered
Your Score History
You have not taken this quiz